Stick and Whittle / (Record no. 2220)

MARC details
000 -LEADER
fixed length control field 00928cam a2200253 a 4500
005 - DATE AND TIME OF LATEST TRANSACTION
control field 20231110114423.0
020 ## - INTERNATIONAL STANDARD BOOK NUMBER
International Standard Book Number 0439098289
040 ## - CATALOGING SOURCE
Original cataloging agency DLC
Transcribing agency DLC
Modifying agency DLC
Language of cataloging eng
050 00 - LIBRARY OF CONGRESS CALL NUMBER
Classification number PZ7.H62964
Item number St 2000
082 00 - DEWEY DECIMAL CLASSIFICATION NUMBER
Classification number 813.54
Edition number 21
100 1# - MAIN ENTRY--PERSONAL NAME
Personal name Hite, Sid
245 10 - TITLE STATEMENT
Title Stick and Whittle /
Statement of responsibility, etc. Sid Hite.
250 ## - EDITION STATEMENT
Edition statement First Scholastic paperback printin, November 2001
260 ## - PUBLICATION, DISTRIBUTION, ETC.
Place of publication, distribution, etc. New York :
Name of publisher, distributor, etc. Scholastic,
Date of publication, distribution, etc. 2000
300 ## - PHYSICAL DESCRIPTION
Extent 202 pages :
Dimensions 19 cm
505 ## - FORMATTED CONTENTS NOTE
Formatted contents note Q
520 ## - SUMMARY, ETC.
Summary, etc. In 1872, while journeying from Texas to Kansas, a Civil War veteran named Melvin meets a sixteen-year-old orphan, another Melvin, and they give each other nicknames and become partners and traveling companions on an exciting adventure.
521 ## - TARGET AUDIENCE NOTE
Target audience note 880
Source Lexile
650 #1 - SUBJECT ADDED ENTRY--TOPICAL TERM
Topical term or geographic name entry element Frontier and pioneer life
Geographic subdivision West (U.S.)
Form subdivision Fiction.
650 #1 - SUBJECT ADDED ENTRY--TOPICAL TERM
Topical term or geographic name entry element Orphans
Form subdivision Fiction.
906 ## - LOCAL DATA ELEMENT F, LDF (RLIN)
a 7
b cbc
c orignew
d 1
e ocip
f 19
g y-gencatlg
942 ## - ADDED ENTRY ELEMENTS (KOHA)
Source of classification or shelving scheme Dewey Decimal Classification
Koha item type Books
Suppress in OPAC No
999 ## -
-- 2220
-- 2220
Holdings
Withdrawn status Lost status Source of classification or shelving scheme Damaged status Not for loan Collection Home library Current library Shelving location Date acquired Total Checkouts Full call number Barcode Date last seen Price effective from Koha item type
    Dewey Decimal Classification     Fiction Footprints International School Library Network Toul Kork Campus Footprints International School Library Network Toul Kork Campus A TK Campus, 4th Floor, Room B401, Fiction Bookcases (1-6) 11/10/2023   HIT 813.54 PZ7.H62964 FISTKG4A014 11/10/2023 11/10/2023 Books